000 00994nas a2200301 4500
001 BR0302139
003 BR-BrBNA
005 20231205103737.0
007 ta
008 230509b bl.|||p| |||| 00| 00por d
040 _aBR-BrBNA
_bpor
_cBiblioteca Nacional de Agricultura
041 _a(Pt)
072 _aJ11; H50
100 1 _aBrackmann, A.
100 1 _aBenedetti, M.
100 1 _aSteffens, C.A.
100 1 _aMello, A.M. de
245 1 _aEfeito da temperatura e condições de atmosfera controlada na armazenagem de maçãs "Fuji" com incidência de pingo de mel
650 _aMAÇÃ
650 _aARMAZENAMENTO
650 _aREFRIGERAÇÃO
650 _aTEMPERATURA
650 _aDISTÚRBIO FISIOLÓGICO
773 0 _tRevista Brasileira de Agrociência (Brazil)
_xISSN 0104-8996
_g(Jan-Apr 2002), v. 8(1) p. 37-42
_wBR0302139
856 4 0 _uhttp://www.ufpel.tche.br/faem/agrociencia/v8n1/artigo06.pdf
909 _a202311
_bLúcia
_c55
_dLúcia Elande
942 _2AGRIS
_n0
_cANA
999 _c174493
_d174493